00662nam a2200157Ia 4500008004100000041001200041100001800053245011300071260000600184650000600190700002000196942000700216999001700223952013200240952013200372221030s9999 xx 000 0 und d aEnglish aW. H. Tranter 0aPrinciples of Communication Systems Simulation with Wireless Applicationscby W. H. Tranter, K. S. Shanmugan c0 aB aK. S. Shanmugan cBK c17461d17461 pB 8248l0r2022-10-30 00:00:00w2022-10-30yBK003Print4070aMIETLIBbMIETLIBcBL-, FL-, CUP-0, SH-0, R-0d2017-02-2210HBE pB 8249l0r2022-10-30 00:00:00w2022-10-30yBK003Print4070aMIETLIBbMIETLIBcBL-, FL-, CUP-0, SH-0, R-0d2017-02-2210HBE